| 000 | 00827nam a2200217Ia 4500 | ||
|---|---|---|---|
| 999 |
_c39510 _d39510 |
||
| 001 | 6106 | ||
| 003 | GE_BSU | ||
| 005 | 20190919113932.0 | ||
| 008 | 181216s1956||||ge |||||||||||||| ||geo|| | ||
| 040 | _cGE_BSU | ||
| 041 | _ageo | ||
| 080 | _a82-93:821.353.1-1 ა-87 | ||
| 100 |
_aასათიანი, ლადო _94107 |
||
| 245 |
_aრჩეული ლექსები და პოემები / _cლადო ასათიანი ; რედ. კ. ბობოხიძე. |
||
| 264 |
_aთბილისი : _bსახელგამი ; _c1956. |
||
| 300 |
_a206 გვ. : _bფოტო ; _c21სმ. |
||
| 653 | _aრჩეული ლექსები | ||
| 653 | _a პოემები | ||
| 700 |
_aბობოხიძე, კ. _eრედაქტორი _93666 |
||
| 942 |
_cBK _2udc |
||